000 02386cam a22003737a 4500
001 14692362
003 ARRUPE
005 20220407095112.0
008 070110s2007 paua 001 0deng d
010 _a 2007920542
020 _a9780762430048
020 _a0762430044
035 _a(OCoLC)ocn148913555
040 _aBTCTA
_cBTCTA
_dBAKER
_dBKL
_dUPZ
_dYDXCP
_dAU@
_dTBS
_dDLC
042 _alccopycat
050 0 0 _aQA21
_b.G635 2007
082 0 4 _a510
_222
245 0 0 _aGod created the integers :
_bthe mathematical breakthroughs that changed history /
_cedited, with commentary, by Stephen Hawking.
250 _aNew ed.
260 _aPhiladelphia :
_bRunning Press,
_cc2007.
300 _axv, 1358 p. :
_bill. ;
_c23 cm.
504 _aIncludes bibliographical references and index.
505 0 _aEuclid (c.325 BC-265 BC) -- Archimedes (287 BC-212 BC) -- Diophantus (third century AD) -- René Descartes (1596-1650) -- Isaac Newton (1642-1727) -- Leonhard Euler (1707-1783) -- Pierre Simon de Laplace (1749-1827) -- Jean Baptiste Joseph Fourier (1768-1830) -- Carl Friedrich Gauss (1777-1855) -- Augustin-Louis Cauchy (1789-1857) -- Augustin-Louis Cauchy (1789-1857) -- János Bolyai (1802-1860) -- Évariste Galois (1811-1832) -- George Boole (1815-1864) -- George Friedrich Bernhard Riemann (1826-1866) -- Karl Weierstrass (1815-1897) -- Richard Julius Wilhelm Dedekind (1831-1916) -- Georg Cantor (1845-1918) -- Henri Lebesgue (1875-1941) -- Kurt Gödel (1906-1978) -- Alan Mathison Turing (1912-1954).
520 _aBestselling author and physicist Hawking explores the "masterpieces" of mathematics, 25 landmarks spanning 2,500 years and representing the work of 15 mathematicians, including Augustin Cauchy, Bernard Riemann, and Alan Turing.
650 0 _aMathematics
_xHistory.
_914019
650 0 _aMathematicians
_vBiography.
_951279
700 1 _aHawking, Stephen,
_d1942-2018.
_943491
856 4 2 _3Contributor biographical information
_uhttp://www.loc.gov/catdir/enhancements/fy0831/2007920542-b.html
856 4 2 _3Publisher description
_uhttp://www.loc.gov/catdir/enhancements/fy0831/2007920542-d.html
906 _a7
_bcbc
_ccopycat
_d2
_encip
_f20
_gy-gencatlg
942 _2lcc
_cMONOGRAPH
999 _c131280
_d131280